Morality and the emotions / (Record no. 9048)

MARC details
000 -LEADER
fixed length control field 00765cac a22002171u 4500
090 ## - LOCALLY ASSIGNED LC-TYPE CALL NUMBER (OCLC); LOCAL CALL NUMBER (OCLC)
-- 9048
008 - FIXED-LENGTH DATA ELEMENTS--GENERAL INFORMATION
fixed length control field 081111t1992 xxu||||| |||| 00| 0 eng d
010 ## - LIBRARY OF CONGRESS CONTROL NUMBER
LC control number 91009497
020 ## - INTERNATIONAL STANDARD BOOK NUMBER
International Standard Book Number 0415056616 (hard)
082 00 - DEWEY DECIMAL CLASSIFICATION NUMBER
Classification number 170.19
Item number OAK
100 ## - MAIN ENTRY--PERSONAL NAME
Personal name Oakley, Justin,
245 10 - TITLE STATEMENT
Title Morality and the emotions /
Statement of responsibility, etc Justin Oakley.
260 ## - PUBLICATION, DISTRIBUTION, ETC. (IMPRINT)
Place of publication, distribution, etc London ;
-- New York :
Name of publisher, distributor, etc Routledge,
Date of publication, distribution, etc C.1992.
300 ## - PHYSICAL DESCRIPTION
Extent x, 253 p. ;
Dimensions 22 cm.
500 ## - GENERAL NOTE
General note Distributer: Al-Ahram.
504 ## - BIBLIOGRAPHY, ETC. NOTE
Bibliography, etc Includes bibliographical references (p. [227]-244) and index.
511 ## - PARTICIPANT OR PERFORMER NOTE
Participant or performer note Catalogued By: Mahitab.
650 #0 - SUBJECT ADDED ENTRY--TOPICAL TERM
Topical term or geographic name as entry element Emotivism.
942 ## - ADDED ENTRY ELEMENTS (KOHA)
Item type Book - Borrowing
Call number prefix 170.19OAK
Source of classification or shelving scheme Dewey Decimal Classification
Holdings
Withdrawn status Item status Damaged status Not for loan Home library Current library Shelving location Date acquired Source of acquisition Total Checkouts Total Renewals Full call number Barcode Date last seen Date last borrowed Koha item type
        Central Library Central Library Lower Floor 07/04/2008 Purchase 3 14 170.19OAK 000010930 15/07/2025 26/04/2021 Book - Borrowing